Catálogo
 En Linea

Los patriotas : (Registro nro. 45532)

Detalles MARC
000 -CABECERA
campo de control de longitud fija 00458nam a2200145 a 4500
001 - NÚMERO DE CONTROL
campo de control 000046043
005 - FECHA Y HORA DE LA ÚLTIMA TRANSACCIÓN
campo de control 20201002052612.0
008 - DATOS DE LONGITUD FIJA--INFORMACIÓN GENERAL
campo de control de longitud fija 150612s1961 nyu 000 0 spa d
040 ## - FUENTE DE LA CATALOGACIÓN
Centro catalogador/agencia de origen DO-SdBNP
Lengua de catalogación spa
Centro/agencia transcriptor BNPHU
082 ## - NÚMERO DE LA CLASIFICACIÓN DECIMAL DEWEY
Número de clasificación xxxx
Número de documento/Ítem xxxx
100 1# - ENTRADA PRINCIPAL--NOMBRE DE PERSONA
Nombre de persona Ballester, César Vinicio,
9 (RLIN) 74119
245 14 - MENCIÓN DE TÍTULO
Título Los patriotas :
Resto del título drama dominicano /
Mención de responsabilidad, etc. César Vinicio Ballester.
260 ## - PUBLICACIÓN, DISTRIBUCIÓN, ETC.
Lugar de publicación, distribución, etc. New York, N. Y. :
Nombre del editor, distribuidor, etc. Spanish-American Print. Co.,
Fecha de publicación, distribución, etc. 1961.
300 ## - DESCRIPCIÓN FÍSICA
Extensión 61 pages ;
Dimensiones 20 cm.
Existencias
Estado de retiro Estado de pérdida Restricciones de uso No para préstamo Código de colección Localización permanente Ubicación/localización actual Ubicación en estantería Fecha de adquisición Número de inventario Total de préstamos Signatura topográfica completa Código de barras Fecha visto por última vez Precio válido a partir de Tipo de ítem Koha Nota pública
      Excluido de préstamo Monografías: Libros y Folletos Patrimonio Dominicano Patrimonio Dominicano En catalogación 12.06.2015 LF1   xxxx xxxx 46043-10 25.06.2020 25.06.2020 No se presta Perteneció a la biblioteca personal de Erick Landestoy.

Con tecnología Koha